000 00619nam a2200229Ia 4500
003 OSt
005 20220928101619.0
006 a|||||r|||| 00| 0
007 ta
008 220927b |||||||| |||| 00| 0 eng d
024 _a47970
037 _cTextual
040 _aSDCL
_cSDCL
_beng
041 _2eng
_aeng
082 _aO152,1N235,1, M5
100 _aShanti Swaroop
_9392591
245 0 _aMadhavi
_b Pouranik mahakavya.
260 _aAligarh
_bVivek Publications
_c1985
300 _a102p
_ccm.
942 _hO152,1N235,1, M5
_cTEXL
_2CC
999 _c708315
_d708315